HUNDRED YEARS OF MERCHANT BANKING A HIST (Record no. 31623)

MARC details
000 -LEADER
fixed length control field 00329nam a2200121Ia 4500
008 - FIXED-LENGTH DATA ELEMENTS--GENERAL INFORMATION
fixed length control field 240624s9999 xx 000 0 und d
041 ## - LANGUAGE CODE
Language code of text/sound track or separate title eng
100 ## - MAIN ENTRY--PERSONAL NAME
Personal name BROWN JOHN CROSBY
245 ## - TITLE STATEMENT
Title HUNDRED YEARS OF MERCHANT BANKING A HIST
260 ## - PUBLICATION, DISTRIBUTION, ETC.
Date of publication, distribution, etc. 1909
Place of publication, distribution, etc. New York
Name of publisher, distributor, etc. Privately Printed
300 ## - PHYSICAL DESCRIPTION
Extent xxxiii, 374 p.; 23 cm.
365 ## - TRADE PRICE
Currency code
Price amount 38
Holdings
Withdrawn status Lost status Damaged status Not for loan Home library Current library Shelving location Date acquired Total Checkouts Barcode Date last seen Copy number Price effective from Koha item type
        IMTN IMTN Rack 9-B 04/24/2019   31623 06/24/2024 72 06/24/2024 Books
Designed & Maintained by: LRC IMT Nagpur Contact: lrc@imtnag.ac.in© 2024. All Rights Reserved.